000
00260nam a22001217a 4500
008
181008b xxu||||| |||| 00| 0 eng d
041
_a
eng
080
_a
616.12-008
100
_a
7
101
_a
KAR
245
_a
Regional Block
_c
Moore,D.C
942
_2
udc
_c
BK
999
_c
48998
_d
48998